[Event "Roncana op-B 13th"]
[Site "Santa Eulalia de Roncana"]
[Date "2019.10.19"]
[Round "4"]
[White "Garcia Encinas, Nil"]
[Black "Sanchez Soler, Moises"]
[Result "1/2-1/2"]
[WhiteElo "1344"]
[BlackElo "1576"]
[PlyCount "29"]
[EventDate "2019.09.28"]
[EventType "swiss"]
[EventRounds "8"]
[EventCountry "ESP"]
[SourceTitle "CBM 193 Extra"]
[Source "ChessBase"]
[SourceDate "2020.01.31"]
[SourceVersion "1"]
[SourceVersionDate "2020.01.31"]
[SourceQuality "1"]

1. c4 e5 2. Nc3 Nf6 3. g3 Nc6 4. Bg2 Bb4 5. d3 0-0 6. Nf3 d6 7. Bg5 Re8 8. 0-0 Bxc3 9. bxc3 h6 10. Bxf6 Qxf6 11. Rb1 Rb8 12. Qa4 Bd7 13. Qc2 Qd8 14. d4 e4 15. Nd2 1/2-1/2

[Event "Llinars del Valles op 11th B"]
[Site "Llinars del Valles"]
[Date "2017.05.27"]
[Round "6.34"]
[White "Navajas Alvarez, Antoni"]
[Black "Garcia Encinas, Nil"]
[Result "0-1"]
[WhiteElo "1297"]
[BlackElo "1193"]
[PlyCount "102"]
[EventDate "2017.04.22"]
[EventType "swiss"]
[EventRounds "9"]
[EventCountry "ESP"]
[SourceTitle "EXT 2024"]
[Source "ChessBase"]
[SourceDate "2023.10.10"]
[SourceVersion "1"]
[SourceVersionDate "2023.10.10"]
[SourceQuality "1"]

1. e4 e5 2. Nf3 Nc6 3. Bc4 Bc5 4. d3 d6 5. c3 Bg4 6. h3 Bxf3 7. Qxf3 Qf6 8. Qxf6 Nxf6 9. 0-0 Rf8 10. Kh1 0-0-0 11. f4 h6 12. a4 a5 13. Bd2 Nh5 14. Kh2 Ne7 15. Na3 f6 16. Be6+ Kb8 17. g3 g5 18. f5 Ng7 19. Bc4 d5 20. exd5 Ngxf5 21. g4 Ng7 22. Rae1 Nxd5 23. Rd1 Nb6 24. Nc2 Nxa4 25. b3 Nb2 26. Rf3 Nxd1 27. Rf1 Nb2 28. Rf3 Nxc4 29. bxc4 e4 30. Rf1 Rxd3 31. Bc1 Rxc3 32. Na1 e3 33. Re1 Ne6 34. Kg2 Nf4+ 35. Kf3 Nd3 36. Rf1 Rxc1 37. Rxc1 Nxc1 38. Nc2 Re8 39. Kg2 e2 40. Kf3 Na2 41. Kg2 Nb4 42. Ne1 a4 43. Nf3 a3 44. Ne1 a2 45. Nf3 a1Q 46. Kg3 Qe5+ 47. Kg2 e1N+ 48. Nxe1 Qe2+ 49. Kh1 Qxe1+ 50. Kg2 Qf2+ 51. Kh1 Qg1# 0-1

[Event "Roncana op-C 8th"]
[Site "Santa Eulalia de Roncana"]
[Date "2014.11.29"]
[Round "7"]
[White "Garcia Encinas, Nil"]
[Black "Tarrada Camanes, Lucas"]
[Result "1-0"]
[WhiteElo "1725"]
[BlackElo "1700"]
[PlyCount "69"]
[EventDate "2014.10.11"]
[EventType "swiss"]
[EventRounds "8"]
[EventCountry "ESP"]
[SourceTitle "EXT 2022"]
[Source "ChessBase"]
[SourceDate "2021.10.06"]
[SourceVersion "1"]
[SourceVersionDate "2021.10.06"]
[SourceQuality "1"]

1. e4 e5 2. Nf3 Nc6 3. Bc4 Nf6 4. c3 Bc5 5. d4 exd4 6. cxd4 Bb4+ 7. Nc3 0-0 8. e5 Bxc3+ 9. bxc3 Ne4 10. Qd3 Ng5 11. Bxg5 Qe8 12. d5 Nxe5 13. Qe4 d6 14. Nxe5 dxe5 15. 0-0 f6 16. Be3 f5 17. Qh4 f4 18. d6+ Be6 19. Bxe6+ Qxe6 20. Bd2 f3 21. g3 cxd6 22. Qb4 Rab8 23. Bc1 a6 24. Ba3 Rbd8 25. Qxb7 Qd7 26. Qxa6 Rb8 27. Bxd6 Rf6 28. Rfd1 Qh3 29. Qc4+ Rf7 30. Qf1 Qxf1+ 31. Kxf1 Rb6 32. c4 Rc6 33. Ba3 Rxc4 34. Rd8+ Rf8 35. Rxf8# 1-0

[Event "Roncana op-C 8th"]
[Site "Santa Eulalia de Roncana"]
[Date "2014.11.15"]
[Round "5"]
[White "Garcia Encinas, Nil"]
[Black "Company Fernandez, Miquel"]
[Result "0-1"]
[WhiteElo "1725"]
[BlackElo "1700"]
[PlyCount "116"]
[EventDate "2014.10.11"]
[EventType "swiss"]
[EventRounds "8"]
[EventCountry "ESP"]
[SourceTitle "EXT 2016"]
[Source "ChessBase"]
[SourceDate "2015.10.08"]
[SourceVersion "1"]
[SourceVersionDate "2015.10.08"]
[SourceQuality "1"]

1. e4 e5 2. Nf3 Nc6 3. Bc4 Bc5 4. c3 Nf6 5. d4 exd4 6. cxd4 Bb6 7. e5 Ng4 8. Bg5 f6 9. exf6 gxf6 10. Bh4 d5 11. Bd3 Ba5+ 12. Nc3 Qe7+ 13. Be2 Bf5 14. 0-0 0-0-0 15. Re1 Qf7 16. h3 Nh6 17. Qd2 Qg6 18. Bg3 Nb4 19. Rac1 Nc2 20. Rf1 Nb4 21. Nh4 Qg5 22. Qe1 Nc6 23. Rd1 Rde8 24. Ra1 Nxd4 25. Qd1 Bxc3 26. bxc3 Nxe2+ 27. Kh1 Nxg3+ 28. fxg3 Be4 29. Nf3 Qxg3 30. Rg1 Qg6 31. Nh4 Qg5 32. Nf3 Bxf3 33. gxf3 Qh4 34. Qf1 Re7 35. Rd1 c6 36. Rd4 Qh5 37. h4 Nf5 38. Rf4 Nxh4 39. Rgg4 Ng6+ 40. Rh4 Qg5 41. Rhg4 Qh5+ 42. Rh4 Nxh4 43. Qh3+ Kb8 44. a3 Re1+ 45. Kh2 Rhe8 46. Rxh4 Qe5+ 47. f4 Qe2+ 48. Kg3 a6 49. Rxh7 Rg8+ 50. Kh4 Reg1 51. Qd7 Qg4+ 52. Qxg4 R1xg4+ 53. Kh3 Rg3+ 54. Kh4 R8g4+ 55. Kh5 f5 56. Rh8+ Kc7 57. Rh7+ Kb6 58. Rf7 Rh3# 0-1

[Event "Roncana op-C 8th"]
[Site "Santa Eulalia de Roncana"]
[Date "2014.10.18"]
[Round "2"]
[White "Espada Espanol, Lledo"]
[Black "Garcia Encinas, Nil"]
[Result "0-1"]
[WhiteElo "1700"]
[BlackElo "1725"]
[PlyCount "60"]
[EventDate "2014.10.11"]
[EventType "swiss"]
[EventRounds "8"]
[EventCountry "ESP"]
[SourceTitle "EXT 2016"]
[Source "ChessBase"]
[SourceDate "2015.10.08"]
[SourceVersion "1"]
[SourceVersionDate "2015.10.08"]
[SourceQuality "1"]

1. e4 e5 2. Nc3 Nf6 3. Nf3 Bc5 4. Bc4 Bb4 5. 0-0 Nxe4 6. Nxe5 d6 7. a3 Bc5 8. Ng4 Nc6 9. Re1 Bf5 10. Nxe4 Bxe4 11. d3 0-0 12. Bg5 Qe8 13. Re2 Rd8 14. Qe1 Rc8 15. Qf1 Qd7 16. Rae1 Bf5 17. c3 a6 18. d4 Bb6 19. Re3 Bxg4 20. h3 Bf5 21. R1e2 Na5 22. Qe1 Nxc4 23. Re8 Rcxe8 24. d5 Bd3 25. Rd2 Rxe1+ 26. Kh2 Qf5 27. h4 Qe5+ 28. g3 Bf5 29. b3 Qe4 30. bxc4 Qh1# 0-1